Exploring Intercultural Communication: Language in Action.
Guardat en:
| Autor principal: | |
|---|---|
| Format: | Desconegut |
| Publicat: |
New York, United States:
Routledge,
2019.
|
| Edició: | 2a. edición. |
| Col·lecció: | Routledge Introductions to Applied Linguistics.
|
| Matèries: | |
| Etiquetes: |
Afegir etiqueta
Sense etiquetes, Sigues el primer a etiquetar aquest registre!
|
MARC
| LEADER | 00000 a2200000 4500 | ||
|---|---|---|---|
| 003 | CL-VaPUC | ||
| 005 | 20240910115910.0 | ||
| 008 | 240827t2019 ||||| |||| 00| 0 eng d | ||
| 999 | |c 444315 |d 444313 | ||
| 020 | |a 978-1138066854 | ||
| 040 | |c Pontificia Universidad Católica de Valparaíso | ||
| 082 | 7 | |a 370.117 HUA 2019 |2 22 | |
| 100 | |a Hua, Zhu |9 890405 |e autora | ||
| 245 | |a Exploring Intercultural Communication: |b Language in Action. | ||
| 250 | |a 2a. edición. | ||
| 260 | |a New York, United States: |b Routledge, |c 2019. | ||
| 300 | |a 285 páginas. | ||
| 490 | |a Routledge Introductions to Applied Linguistics. | ||
| 546 | |a Libro en inglés. | ||
| 583 | |k Cristina María Rojas Aguilar |c 20240827 | ||
| 650 | 0 | |9 269907 |a Comunicación intercultural |x Lenguaje |x Estudio y Enseñanza | |
| 650 | 0 | |9 313266 |a Lingüística aplicada |x Diversidad cultural | |
| 942 | |2 ddc |c BK | ||
| 952 | |0 0 |1 0 |2 ddc |4 0 |6 370_117000000000000_HUA_2019 |7 0 |8 A |9 596411 |a BIBEDU |b BIBEDU |d 2024-08-23 |e 3 |g 52277.00 |i 5662520 |o 370.117 HUA 2019 |p 5662520 |r 2024-08-23 |t 1 |v 52277.00 |w 2024-08-23 |y BK |k LIT | ||